00889nam a2200217 a 4500003000200000005001700002008004100019050002900060100003200089245008800121260009200209300004000301504004300341650003500384650002500419650003700444650003000481942001400511999001700525952012900542020250411120425.0970101s19uu xx 00 eng d aPGS RA 776.9b.N235 2004 aNarsico, Alyssa Patricia S. aAwareness on the health hazard brought by dust mites /cAlyssa Patricia S. Narsico. aLas Piñas City, Philippines : bSouthville International School and Colleges,c2004. a22 pages :billustrations ;c28 cm. aIncludes bibliographical references.  aDust mitesvHealth aspects.  aDust mitesvControl. aHousehold pestsvHealth aspects. aPublic healthvEducation. 2lcccPASS c97033d97033 00102lcc40aLUXbLUXcPASSd2004-05-05eDONATIONl0oPGS RA 776.9 .N235 2004pP1050r2014-04-08 00:00:00w2014-04-08yPASS